<?xml version="1.0" encoding="UTF-8"?>
<marc:record xmlns:marc="http://www.loc.gov/MARC21/slim">
   <marc:leader>00000nam a2200000 a 4500</marc:leader>
   <marc:datafield ind1="1" ind2=" " tag="100">
      <marc:subfield code="a">Leser, Antje</marc:subfield>
      <marc:subfield code="4">aut</marc:subfield>
      <marc:subfield code="e">Verfasser/-in</marc:subfield>
   </marc:datafield>
   <marc:datafield ind1=" " ind2=" " tag="653">
      <marc:subfield code="a">Spannung</marc:subfield>
   </marc:datafield>
   <marc:datafield ind1=" " ind2=" " tag="653">
      <marc:subfield code="a">Liebesgeschichte</marc:subfield>
   </marc:datafield>
   <marc:datafield ind1=" " ind2=" " tag="653">
      <marc:subfield code="a">Romantik</marc:subfield>
   </marc:datafield>
   <marc:datafield ind1=" " ind2=" " tag="653">
      <marc:subfield code="a">Freundschaft</marc:subfield>
   </marc:datafield>
   <marc:datafield ind1=" " ind2=" " tag="653">
      <marc:subfield code="a">Dieb</marc:subfield>
   </marc:datafield>
   <marc:datafield ind1="0" ind2="0" tag="245">
      <marc:subfield code="a">Luftschlösser sind schwer zu knacken</marc:subfield>
   </marc:datafield>
   <marc:datafield ind1=" " ind2="1" tag="264">
      <marc:subfield code="b">Magellan</marc:subfield>
      <marc:subfield code="c">2020</marc:subfield>
   </marc:datafield>
   <marc:datafield ind1="1" ind2=" " tag="520">
      <marc:subfield code="a">Angaben aus der Verlagsmeldung        Luftschlösser sind schwer zu knacken / von Antje Leser     Es ist nicht gerade Liebe auf den ersten Blick, als Jonas und Nika aufeinandertreffen. Denn Jonas erwischt Nika, als sie bei ihm einbricht. Nicht, weil sie etwas gegen ihn persönlich hat, sondern weil das ihr Job ist. Nika gehört zu einem Familienclan, der sich auf Wohnungseinbrüche spezialisiert hat. Wenn sie nicht liefert, machen die anderen Druck. Doch Nika und Jonas begegnen sich wieder. Zufällig. Und Jonas zeigt ihr, dass das Leben nicht nur aus Sackgassen besteht. Aber einfach aussteigen ist nicht. Plötzlich schwebt nicht nur Nika, sondern auch Jonas in größter Gefahr.</marc:subfield>
   </marc:datafield>
   <marc:datafield ind1="3" ind2=" " tag="024">
      <marc:subfield code="a">9783734850493</marc:subfield>
   </marc:datafield>
</marc:record>
